[Event "British Rapidplay Championship 2023"]
[Site "Mercure Bradford, Bankfield Hotel"]
[Date "2023.04.15"]
[Round "2.14"]
[White "Kairat, Alexander"]
[Black "Winter, Kevin"]
[Result "1-0"]
[TimeControl "All moves in 15 minutes plus 10 second increment per move from move 1"]
[WhiteElo "1618"]
[BlackElo "1713"]

1. e4 {[%clk 00:15:18]} {[%emt 00:00:02]} d6 {[%clk 00:15:16]} {[%emt
00:00:03]} 2. Nf3 {[%clk 00:15:24]} {[%emt 00:00:04]} Nf6 {[%clk 00:15:22]}
{[%emt 00:00:05]} 3. Nc3 {[%clk 00:15:33]} {[%emt 00:00:02]} Nbd7 {[%clk
00:15:30]} {[%emt 00:00:01]} 4. d4 {[%clk 00:15:41]} {[%emt 00:00:02]} e5
{[%clk 00:15:39]} {[%emt 00:00:02]} 5. Be3 {[%clk 00:15:47]} {[%emt 00:00:03]}
Be7 {[%clk 00:15:46]} {[%emt 00:00:03]} 6. Be2 {[%clk 00:15:52]} {[%emt
00:00:04]} c6 {[%clk 00:15:42]} {[%emt 00:00:15]} 7. Qd2 {[%clk 00:15:58]}
{[%emt 00:00:04]} O-O {[%clk 00:15:01]} {[%emt 00:00:51]} 8. dxe5 {[%clk
00:15:41]} {[%emt 00:00:27]} dxe5 {[%clk 00:15:03]} {[%emt 00:00:08]} 9. O-O
{[%clk 00:15:11]} {[%emt 00:00:40]} Ng4 {[%clk 00:14:42]} {[%emt 00:00:30]} 10.
Bg5 {[%clk 00:14:40]} {[%emt 00:00:42]} Ngf6 {[%clk 00:14:34]} {[%emt
00:00:17]} 11. Rad1 {[%clk 00:14:32]} {[%emt 00:00:18]} Qc7 {[%clk 00:14:38]}
{[%emt 00:00:06]} 12. Nh4 {[%clk 00:14:24]} {[%emt 00:00:18]} Nc5 {[%clk
00:14:24]} {[%emt 00:00:25]} 13. Bxf6 {[%clk 00:13:41]} {[%emt 00:00:53]} Bxf6
{[%clk 00:14:29]} {[%emt 00:00:05]} 14. Nf5 {[%clk 00:13:40]} {[%emt 00:00:11]}
Nxe4 {[%clk 00:12:38]} {[%emt 00:02:01]} 15. Nxe4 {[%clk 00:13:43]} {[%emt
00:00:06]} Bxf5 {[%clk 00:12:46]} {[%emt 00:00:03]} 16. Nxf6+ {[%clk 00:13:50]}
{[%emt 00:00:03]} gxf6 {[%clk 00:12:54]} {[%emt 00:00:02]} 17. c3 {[%clk
00:13:04]} {[%emt 00:00:56]} Bg6 {[%clk 00:12:38]} {[%emt 00:00:25]} 18. Qe3
{[%clk 00:12:58]} {[%emt 00:00:14]} a5 {[%clk 00:11:49]} {[%emt 00:01:02]} 19.
h4 {[%clk 00:13:02]} {[%emt 00:00:06]} h5 {[%clk 00:10:37]} {[%emt 00:01:22]}
20. Qh6 {[%clk 00:12:05]} {[%emt 00:01:07]} Rad8 {[%clk 00:09:41]} {[%emt
00:01:06]} 21. Bc4 {[%clk 00:11:55]} {[%emt 00:00:20]} Rd5 {[%clk 00:09:08]}
{[%emt 00:00:42]} 22. Bxd5 {[%clk 00:11:25]} {[%emt 00:00:40]} cxd5 {[%clk
00:09:16]} {[%emt 00:00:02]} 23. Rxd5 {[%clk 00:11:13]} {[%emt 00:00:22]} Qb6
{[%clk 00:08:04]} {[%emt 00:01:23]} 24. Rd2 {[%clk 00:11:01]} {[%emt 00:00:22]}
f5 {[%clk 00:07:47]} {[%emt 00:00:27]} 25. Qg5 {[%clk 00:10:46]} {[%emt
00:00:25]} Kg7 {[%clk 00:07:34]} {[%emt 00:00:23]} 26. Qe7 {[%clk 00:10:11]}
{[%emt 00:00:45]} Qf6 {[%clk 00:06:51]} {[%emt 00:00:53]} 27. Qxf6+ {[%clk
00:10:09]} {[%emt 00:00:12]} Kxf6 {[%clk 00:06:57]} {[%emt 00:00:04]} 28. Rd7
{[%clk 00:10:17]} {[%emt 00:00:02]} Rb8 {[%clk 00:06:49]} {[%emt 00:00:17]} 29.
Rfd1 {[%clk 00:10:24]} {[%emt 00:00:03]} f4 {[%clk 00:06:17]} {[%emt 00:00:42]}
30. R1d6+ {[%clk 00:10:17]} {[%emt 00:00:18]} Kg7 {[%clk 00:06:05]} {[%emt
00:00:21]} 31. Rb6 {[%clk 00:10:24]} {[%emt 00:00:03]} Be4 {[%clk 00:06:07]}
{[%emt 00:00:08]} 32. f3 {[%clk 00:10:33]} {[%emt 00:00:02]} Bf5 {[%clk
00:06:11]} {[%emt 00:00:05]} 33. Rdxb7 {[%clk 00:10:38]} {[%emt 00:00:05]} Rd8
{[%clk 00:06:17]} {[%emt 00:00:04]} 34. Rb5 {[%clk 00:10:34]} {[%emt 00:00:15]}
Kf6 {[%clk 00:06:00]} {[%emt 00:00:27]} 35. R7b6+ {[%clk 00:10:28]} {[%emt
00:00:16]} Be6 {[%clk 00:06:05]} {[%emt 00:00:05]} 36. Rxa5 {[%clk 00:10:30]}
{[%emt 00:00:08]} Kf5 {[%clk 00:05:30]} {[%emt 00:00:44]} 37. Rbb5 {[%clk
00:10:28]} {[%emt 00:00:12]} f6 {[%clk 00:05:38]} {[%emt 00:00:02]} 38. Rb6
{[%clk 00:10:18]} {[%emt 00:00:21]} Bc4 {[%clk 00:05:17]} {[%emt 00:00:30]} 39.
b3 {[%clk 00:10:12]} {[%emt 00:00:17]} Be2 {[%clk 00:05:12]} {[%emt 00:00:14]}
40. c4 {[%clk 00:10:10]} {[%emt 00:00:13]} Rg8 {[%clk 00:05:17]} {[%emt
00:00:05]} 41. Kf2 {[%clk 00:10:14]} {[%emt 00:00:06]} Bd3 {[%clk 00:05:15]}
{[%emt 00:00:12]} 42. Raa6 {[%clk 00:10:10]} {[%emt 00:00:14]} Rg6 {[%clk
00:05:20]} {[%emt 00:00:04]} 43. Rd6 {[%clk 00:10:09]} {[%emt 00:00:12]} Bc2
{[%clk 00:05:15]} {[%emt 00:00:15]} 44. b4 {[%clk 00:09:30]} {[%emt 00:00:49]}
Bb1 {[%clk 00:04:33]} {[%emt 00:00:52]} 45. c5 {[%clk 00:09:32]} {[%emt
00:00:08]} e4 {[%clk 00:04:25]} {[%emt 00:00:18]} 46. Rd5# {[%emt 00:00:20]}
1-0

[Event "British Rapidplay Championship 2023"]
[Site "Mercure Bradford, Bankfield Hotel"]
[Date "2023.04.15"]
[Round "2.16"]
[White "Barton, Ben"]
[Black "Cuaresma, Bien"]
[Result "0-1"]
[TimeControl "All moves in 15 minutes plus 10 second increment per move from move 1"]
[WhiteElo "1577"]
[BlackElo "1606"]

1. e4 {[%clk 00:15:18]} {[%emt 00:00:01]} d6 {[%clk 00:15:18]} {[%emt
00:00:02]} 2. Nf3 {[%clk 00:15:24]} {[%emt 00:00:05]} c6 {[%clk 00:15:25]}
{[%emt 00:00:03]} 3. d4 {[%clk 00:15:29]} {[%emt 00:00:05]} a6 {[%clk
00:15:27]} {[%emt 00:00:08]} 4. c4 {[%clk 00:15:33]} {[%emt 00:00:06]} Nd7
{[%clk 00:15:35]} {[%emt 00:00:01]} 5. Nc3 {[%emt 00:00:09]} e5 {[%clk
00:15:40]} {[%emt 00:00:03]} 6. d5 {[%clk 00:15:40]} {[%emt 00:00:07]} Be7
{[%clk 00:15:43]} {[%emt 00:00:06]} 7. Be3 {[%clk 00:15:30]} {[%emt 00:00:20]}
Ngf6 {[%clk 00:15:44]} {[%emt 00:00:09]} 8. h3 {[%clk 00:14:47]} {[%emt
00:00:54]} O-O {[%clk 00:15:47]} {[%emt 00:00:07]} 9. Qd2 {[%clk 00:14:21]}
{[%emt 00:00:36]} Qa5 {[%clk 00:15:51]} {[%emt 00:00:05]} 10. Be2 {[%clk
00:13:59]} {[%emt 00:00:32]} cxd5 {[%clk 00:15:48]} {[%emt 00:00:12]} 11. cxd5
{[%clk 00:13:49]} {[%emt 00:00:22]} b5 {[%clk 00:15:48]} {[%emt 00:00:10]} 12.
O-O {[%clk 00:13:31]} {[%emt 00:00:28]} b4 {[%clk 00:15:51]} {[%emt 00:00:07]}
13. Nd1 {[%clk 00:11:47]} {[%emt 00:01:54]} Nxe4 {[%clk 00:15:58]} {[%emt
00:00:02]} 14. Qc2 {[%clk 00:11:17]} {[%emt 00:00:40]} Nef6 {[%clk 00:15:07]}
{[%emt 00:01:01]} 15. Bd3 {[%clk 00:10:16]} {[%emt 00:01:12]} Bb7 {[%clk
00:15:08]} {[%emt 00:00:09]} 16. Bd2 {[%clk 00:09:53]} {[%emt 00:00:32]} Rac8
{[%clk 00:14:55]} {[%emt 00:00:23]} 17. Qb1 {[%clk 00:09:55]} {[%emt 00:00:08]}
Bxd5 {[%clk 00:14:58]} {[%emt 00:00:08]} 18. a3 {[%clk 00:10:03]} {[%emt
00:00:02]} e4 {[%clk 00:14:28]} {[%emt 00:00:39]} 19. axb4 {[%clk 00:10:12]}
{[%emt 00:00:01]} Qd8 {[%clk 00:14:38]} 20. Bxa6 {[%clk 00:10:21]} {[%emt
00:00:01]} exf3 {[%clk 00:14:43]} {[%emt 00:00:05]} 21. Bxc8 {[%clk 00:10:29]}
{[%emt 00:00:02]} fxg2 {[%clk 00:14:52]} {[%emt 00:00:01]} 22. Re1 {[%clk
00:09:52]} {[%emt 00:00:47]} Ne5 {[%clk 00:15:01]} 23. Rxe5 {[%clk 00:08:51]}
{[%emt 00:01:10]} dxe5 {[%clk 00:15:10]} {[%emt 00:00:02]} 24. Ba6 {[%clk
00:07:18]} {[%emt 00:01:43]} Be4 {[%clk 00:14:42]} {[%emt 00:00:38]} 25. Qc1
{[%clk 00:07:16]} {[%emt 00:00:11]} Qb6 {[%clk 00:14:15]} {[%emt 00:00:38]} 26.
b5 {[%clk 00:06:51]} {[%emt 00:00:35]} Qe6 {[%clk 00:13:12]} {[%emt 00:01:11]}
27. Ra3 {[%clk 00:06:15]} {[%emt 00:00:49]} Bxa3 {[%clk 00:13:12]} {[%emt
00:00:10]} 28. bxa3 {[%clk 00:06:24]} {[%emt 00:00:01]} Qxh3 {[%clk 00:13:20]}
29. f3 {[%clk 00:06:12]} {[%emt 00:00:23]} Qh1+ {[%clk 00:13:28]} {[%emt
00:00:02]} 30. Kf2 {[%clk 00:06:21]} {[%emt 00:00:01]} 0-1

[Event "British Rapidplay Championship 2023"]
[Site "Mercure Bradford, Bankfield Hotel"]
[Date "2023.04.15"]
[Round "2.17"]
[White "Sasikumar, Srivathsan"]
[Black "Bowmer, James"]
[Result "1-0"]
[TimeControl "All moves in 15 minutes plus 10 second increment per move from move 1"]
[WhiteElo "1628"]
[BlackElo "1531"]

1. e4 {[%clk 00:15:18]} {[%emt 00:00:02]} d5 {[%clk 00:15:18]} {[%emt
00:00:02]} 2. exd5 {[%clk 00:15:21]} {[%emt 00:00:06]} Nf6 {[%clk 00:15:24]}
{[%emt 00:00:05]} 3. Nf3 {[%clk 00:14:50]} {[%emt 00:00:42]} Qxd5 {[%clk
00:15:21]} {[%emt 00:00:11]} 4. Nc3 {[%clk 00:14:55]} {[%emt 00:00:06]} Qd6
{[%clk 00:15:22]} {[%emt 00:00:09]} 5. Be2 {[%clk 00:14:46]} {[%emt 00:00:19]}
Nc6 {[%clk 00:15:28]} {[%emt 00:00:04]} 6. O-O {[%clk 00:14:47]} {[%emt
00:00:09]} e5 {[%clk 00:15:12]} {[%emt 00:00:26]} 7. Re1 {[%clk 00:14:47]}
{[%emt 00:00:08]} Be7 {[%clk 00:14:52]} {[%emt 00:00:31]} 8. Bb5 {[%clk
00:14:38]} {[%emt 00:00:20]} Nd7 {[%clk 00:12:59]} {[%emt 00:02:02]} 9. Bxc6
{[%clk 00:12:33]} {[%emt 00:02:16]} bxc6 {[%clk 00:13:02]} {[%emt 00:00:07]} 10.
Ne4 {[%clk 00:12:26]} {[%emt 00:00:16]} Qd5 {[%clk 00:12:27]} {[%emt 00:00:41]}
11. d3 {[%clk 00:12:14]} {[%emt 00:00:27]} O-O {[%clk 00:12:08]} {[%emt
00:00:29]} 12. c4 {[%clk 00:11:44]} {[%emt 00:00:40]} Qe6 {[%clk 00:11:59]}
{[%emt 00:00:19]} 13. Bd2 {[%clk 00:10:14]} {[%emt 00:01:39]} f6 {[%clk
00:10:39]} {[%emt 00:01:31]} 14. Qc2 {[%clk 00:09:45]} {[%emt 00:00:38]} Bb7
{[%clk 00:09:03]} {[%emt 00:01:47]} 15. d4 {[%clk 00:09:33]} {[%emt 00:00:21]}
g6 {[%clk 00:07:41]} {[%emt 00:01:32]} 16. Bh6 {[%clk 00:06:39]} {[%emt
00:03:05]} Rf7 {[%clk 00:07:33]} {[%emt 00:00:18]} 17. Rad1 {[%clk 00:05:01]}
{[%emt 00:01:47]} Bf8 {[%clk 00:05:43]} {[%emt 00:02:00]} 18. Bxf8 {[%clk
00:04:12]} {[%emt 00:01:00]} Rfxf8 {[%clk 00:05:29]} {[%emt 00:00:23]} 19. dxe5
{[%clk 00:02:33]} {[%emt 00:01:50]} Nxe5 {[%clk 00:03:48]} {[%emt 00:01:51]} 20.
Nxe5 {[%clk 00:02:14]} {[%emt 00:00:29]} Qxe5 {[%clk 00:02:40]} {[%emt
00:01:18]} 21. Nd6 {[%clk 00:01:53]} {[%emt 00:00:30]} Qxe1+ {[%clk 00:02:32]}
{[%emt 00:00:19]} 22. Rxe1 {[%clk 00:01:59]} {[%emt 00:00:03]} cxd6 {[%clk
00:02:40]} {[%emt 00:00:03]} 23. Qb3 {[%clk 00:01:42]} {[%emt 00:00:27]} Rab8
{[%clk 00:02:12]} {[%emt 00:00:38]} 24. c5+ {[%clk 00:01:39]} {[%emt 00:00:13]}
d5 {[%clk 00:02:19]} {[%emt 00:00:03]} 25. Qe3 {[%clk 00:01:32]} {[%emt
00:00:11]} Rf7 {[%clk 00:01:59]} {[%emt 00:00:36]} 26. h3 {[%clk 00:01:25]}
{[%emt 00:00:16]} Bc8 {[%clk 00:01:05]} {[%emt 00:01:04]} 27. b3 {[%clk
00:01:34]} {[%emt 00:00:03]} Bf5 {[%clk 00:01:13]} {[%emt 00:00:01]} 28. Qg3
{[%clk 00:01:32]} {[%emt 00:00:09]} Rd8 {[%clk 00:01:01]} {[%emt 00:00:24]} 29.
Qf4 {[%clk 00:01:34]} {[%emt 00:00:07]} Kg7 {[%clk 00:00:48]} {[%emt 00:00:24]}
30. g4 {[%clk 00:01:32]} {[%emt 00:00:12]} Bc8 {[%clk 00:00:24]} {[%emt
00:00:35]} 31. Qb8 {[%clk 00:01:00]} {[%emt 00:00:42]} Rb7 {[%clk 00:00:15]}
{[%emt 00:00:19]} 32. Qf4 {[%clk 00:00:40]} {[%emt 00:00:26]} a6 {[%clk
00:00:21]} {[%emt 00:00:07]} 33. g5 {[%clk 00:00:43]} {[%emt 00:00:07]} Rf8
{[%clk 00:00:18]} {[%emt 00:00:14]} 34. Qd6 {[%clk 00:00:36]} {[%emt 00:00:16]}
Bd7 {[%clk 00:00:11]} {[%emt 00:00:18]} 35. Re7+ {[%clk 00:00:42]} {[%emt
00:00:03]} Rf7 {[%clk 00:00:20]} {[%emt 00:00:01]} 36. Qxf6+ {[%clk 00:00:42]}
{[%emt 00:00:09]} 1-0

[Event "British Rapidplay Championship 2023"]
[Site "Mercure Bradford, Bankfield Hotel"]
[Date "2023.04.15"]
[Round "2.18"]
[White "Cradock, Samir"]
[Black "McKay, Jonathan"]
[Result "0-1"]
[TimeControl "All moves in 15 minutes plus 10 second increment per move from move 1"]
[WhiteElo "1530"]
[BlackElo "1796"]

1. e4 {[%clk 00:15:19]} c6 {[%clk 00:15:18]} {[%emt 00:00:03]} 2. d4 {[%clk
00:15:07]} {[%emt 00:00:21]} d5 {[%clk 00:15:27]} {[%emt 00:00:01]} 3. e5
{[%clk 00:15:14]} {[%emt 00:00:03]} Bf5 {[%clk 00:15:31]} {[%emt 00:00:07]} 4.
Nd2 {[%clk 00:15:09]} {[%emt 00:00:15]} e6 {[%clk 00:15:29]} {[%emt 00:00:11]}
5. Ngf3 {[%clk 00:15:13]} {[%emt 00:00:07]} c5 {[%clk 00:14:58]} {[%emt
00:00:41]} 6. c3 {[%clk 00:15:04]} {[%emt 00:00:18]} Nd7 {[%clk 00:14:22]}
{[%emt 00:00:47]} 7. Nb3 {[%clk 00:14:13]} {[%emt 00:01:01]} cxd4 {[%clk
00:14:12]} {[%emt 00:00:19]} 8. cxd4 {[%clk 00:14:17]} {[%emt 00:00:06]} Ne7
{[%clk 00:13:46]} {[%emt 00:00:36]} 9. Bd3 {[%clk 00:14:03]} {[%emt 00:00:24]}
Bxd3 {[%clk 00:13:08]} {[%emt 00:00:48]} 10. Qxd3 {[%clk 00:14:11]} {[%emt
00:00:02]} Nc6 {[%clk 00:13:04]} {[%emt 00:00:14]} 11. O-O {[%clk 00:13:57]}
{[%emt 00:00:24]} Be7 {[%clk 00:13:04]} {[%emt 00:00:09]} 12. Be3 {[%clk
00:13:47]} {[%emt 00:00:21]} O-O {[%clk 00:12:48]} {[%emt 00:00:27]} 13. Rfc1
{[%clk 00:13:03]} {[%emt 00:00:53]} a5 {[%clk 00:10:21]} {[%emt 00:02:37]} 14.
a3 {[%clk 00:12:20]} {[%emt 00:00:53]} a4 {[%clk 00:10:14]} {[%emt 00:00:17]}
15. Nbd2 {[%clk 00:12:28]} {[%emt 00:00:02]} Qb6 {[%clk 00:09:10]} {[%emt
00:01:13]} 16. Rab1 {[%clk 00:12:11]} {[%emt 00:00:28]} Rfc8 {[%clk 00:08:06]}
{[%emt 00:01:12]} 17. h4 {[%clk 00:10:48]} {[%emt 00:01:35]} f6 {[%clk
00:07:06]} {[%emt 00:01:10]} 18. h5 {[%clk 00:07:14]} {[%emt 00:03:44]} fxe5
{[%clk 00:06:40]} {[%emt 00:00:36]} 19. dxe5 {[%clk 00:07:06]} {[%emt
00:00:18]} Ncxe5 {[%clk 00:05:49]} {[%emt 00:01:01]} 20. Rxc8+ {[%clk
00:05:32]} {[%emt 00:01:45]} Rxc8 {[%clk 00:05:40]} {[%emt 00:00:18]} 21. Qe2
{[%clk 00:05:35]} {[%emt 00:00:07]} Nxf3+ {[%clk 00:05:35]} {[%emt 00:00:15]}
22. Nxf3 {[%clk 00:05:41]} {[%emt 00:00:04]} Qc7 {[%clk 00:04:52]} {[%emt
00:00:52]} 23. h6 {[%clk 00:05:17]} {[%emt 00:00:35]} Bf6 {[%clk 00:04:11]}
{[%emt 00:00:50]} 24. hxg7 {[%clk 00:03:12]} {[%emt 00:02:17]} Bxg7 {[%clk
00:04:15]} {[%emt 00:00:04]} 25. Ng5 {[%clk 00:03:02]} {[%emt 00:00:21]} Qc2
{[%clk 00:04:06]} {[%emt 00:00:19]} 26. Qxc2 {[%clk 00:02:42]} {[%emt
00:00:31]} Rxc2 {[%clk 00:04:13]} {[%emt 00:00:02]} 27. Nxe6 {[%clk 00:02:32]}
{[%emt 00:00:20]} Bxb2 {[%clk 00:02:58]} {[%emt 00:01:25]} 28. Nd4 {[%clk
00:01:49]} {[%emt 00:00:54]} Bxd4 {[%clk 00:03:04]} {[%emt 00:00:03]} 29. Bxd4
{[%clk 00:01:57]} {[%emt 00:00:02]} Rc4 {[%clk 00:01:56]} {[%emt 00:01:18]} 30.
Be3 {[%clk 00:01:38]} {[%emt 00:00:30]} d4 {[%clk 00:01:59]} {[%emt 00:00:05]}
31. Bd2 {[%clk 00:01:43]} {[%emt 00:00:07]} Nc5 {[%clk 00:02:01]} {[%emt
00:00:07]} 32. Rb5 {[%emt 00:00:30]} Nb3 {[%clk 00:02:04]} {[%emt 00:00:05]} 33.
Bb4 {[%clk 00:01:05]} {[%emt 00:00:31]} d3 {[%clk 00:01:48]} {[%emt 00:00:25]}
34. Rd5 {[%clk 00:01:11]} {[%emt 00:00:04]} Rxb4 {[%clk 00:01:21]} {[%emt
00:00:36]} 35. axb4 {[%clk 00:01:17]} {[%emt 00:00:06]} a3 {[%clk 00:01:30]}
{[%emt 00:00:01]} 36. Rxd3 {[%clk 00:00:42]} {[%emt 00:00:44]} a2 {[%clk
00:01:39]} {[%emt 00:00:01]} 37. Rd1 {[%clk 00:00:49]} {[%emt 00:00:04]} a1=Q
38. Rxa1 Nxa1 {[%clk 00:01:40]} {[%emt 00:00:03]} 39. Kf1 {[%clk 00:00:58]}
{[%emt 00:00:01]} Nc2 {[%clk 00:01:47]} {[%emt 00:00:03]} 40. b5 {[%clk
00:01:05]} {[%emt 00:00:03]} Na3 {[%clk 00:01:53]} {[%emt 00:00:03]} 41. b6
{[%clk 00:01:12]} {[%emt 00:00:04]} Nc4 {[%clk 00:02:02]} {[%emt 00:00:01]} 42.
Ke2 {[%clk 00:01:20]} {[%emt 00:00:02]} Nxb6 {[%clk 00:02:10]} {[%emt
00:00:01]} 43. f4 {[%clk 00:01:27]} {[%emt 00:00:03]} Kf7 {[%clk 00:02:19]}
{[%emt 00:00:01]} 44. g4 {[%clk 00:01:36]} {[%emt 00:00:02]} Nd5 {[%clk
00:02:26]} {[%emt 00:00:03]} 45. Kf3 {[%clk 00:01:44]} {[%emt 00:00:02]} Ke6
{[%clk 00:02:30]} {[%emt 00:00:05]} 46. Ke4 {[%clk 00:01:52]} {[%emt 00:00:02]}
Nf6+ {[%clk 00:02:38]} {[%emt 00:00:02]} 47. Kf3 {[%clk 00:02:00]} {[%emt
00:00:02]} b5 {[%clk 00:02:45]} {[%emt 00:00:02]} 48. g5 {[%clk 00:01:56]}
{[%emt 00:00:15]} Nd5 {[%clk 00:02:48]} {[%emt 00:00:06]} 49. Ke4 {[%clk
00:01:56]} {[%emt 00:00:11]} Nc3+ {[%clk 00:02:52]} {[%emt 00:00:05]} 50. Kd3
{[%clk 00:02:00]} {[%emt 00:00:07]} b4 {[%clk 00:02:58]} {[%emt 00:00:05]} 51.
Kc4 {[%clk 00:02:09]} {[%emt 00:00:01]} Nd5 {[%clk 00:03:01]} {[%emt 00:00:05]}
52. Kb3 {[%clk 00:01:00]} {[%emt 00:01:21]} Kf5 {[%clk 00:03:07]} {[%emt
00:00:03]} 53. Kc4 {[%clk 00:01:03]} {[%emt 00:00:07]} Kxf4 {[%clk 00:03:14]}
{[%emt 00:00:04]} 54. Kxd5 {[%clk 00:01:08]} {[%emt 00:00:05]} b3 {[%clk
00:03:22]} {[%emt 00:00:01]} 55. Kc4 {[%clk 00:01:17]} {[%emt 00:00:01]} b2
{[%clk 00:03:30]} 56. Kc3 {[%clk 00:01:26]} b1=Q {[%clk 00:03:35]} {[%emt
00:00:07]} 57. g6 {[%clk 00:01:34]} {[%emt 00:00:02]} hxg6 {[%clk 00:03:43]}
{[%emt 00:00:02]} 58. Kd2 {[%clk 00:01:42]} {[%emt 00:00:03]} Ke4 {[%clk
00:03:50]} {[%emt 00:00:02]} 59. Kc3 {[%clk 00:01:46]} {[%emt 00:00:07]} Qd3+
{[%clk 00:03:58]} {[%emt 00:00:01]} 60. Kb4 {[%clk 00:01:55]} {[%emt 00:00:02]}
Kd4 {[%clk 00:04:06]} {[%emt 00:00:02]} 61. Ka5 {[%clk 00:02:02]} {[%emt
00:00:03]} Qb3 {[%clk 00:04:13]} {[%emt 00:00:02]} 62. Ka6 {[%clk 00:02:09]}
{[%emt 00:00:04]} Kc5 {[%clk 00:04:22]} {[%emt 00:00:01]} 63. Ka7 {[%clk
00:02:18]} {[%emt 00:00:01]} Kc6 {[%clk 00:04:31]} 64. Ka8 {[%clk 00:02:26]}
{[%emt 00:00:01]} Qb7# {[%emt 00:00:02]} 0-1

[Event "British Rapidplay Championship 2023"]
[Site "Mercure Bradford, Bankfield Hotel"]
[Date "2023.04.15"]
[Round "2.19"]
[White "Deepak Ambattu, Rithvik"]
[Black "Railwani, Tavish"]
[Result "1-0"]
[TimeControl "All moves in 15 minutes plus 10 second increment per move from move 1"]
[WhiteElo "1782"]
[BlackElo "1517"]

1. e4 {[%clk 00:15:17]} {[%emt 00:00:02]} e6 {[%clk 00:15:12]} {[%emt
00:00:09]} 2. d4 {[%clk 00:15:24]} {[%emt 00:00:03]} d5 {[%clk 00:15:19]}
{[%emt 00:00:03]} 3. Nd2 {[%clk 00:15:30]} {[%emt 00:00:04]} Nf6 {[%clk
00:15:08]} {[%emt 00:00:21]} 4. e5 {[%clk 00:15:37]} {[%emt 00:00:02]} Nfd7
{[%clk 00:15:15]} {[%emt 00:00:04]} 5. Bd3 {[%clk 00:15:45]} {[%emt 00:00:02]}
c5 {[%clk 00:15:17]} {[%emt 00:00:09]} 6. c3 {[%clk 00:15:52]} {[%emt
00:00:03]} Nc6 {[%clk 00:15:22]} {[%emt 00:00:04]} 7. Ne2 {[%clk 00:15:58]}
{[%emt 00:00:04]} Qb6 {[%clk 00:13:19]} {[%emt 00:02:14]} 8. Nf3 {[%clk
00:16:01]} {[%emt 00:00:06]} Be7 {[%clk 00:12:14]} {[%emt 00:01:16]} 9. O-O
{[%clk 00:15:18]} {[%emt 00:00:51]} O-O {[%clk 00:11:14]} {[%emt 00:01:11]} 10.
Ng3 {[%clk 00:14:35]} {[%emt 00:00:53]} h6 {[%clk 00:10:28]} {[%emt 00:00:57]}
11. Bb1 {[%clk 00:13:55]} {[%emt 00:00:49]} f5 {[%clk 00:08:51]} {[%emt
00:01:47]} 12. exf6 {[%clk 00:13:08]} {[%emt 00:00:58]} Nxf6 {[%clk 00:08:55]}
{[%emt 00:00:06]} 13. Qd3 {[%clk 00:12:33]} {[%emt 00:00:45]} Qd8 {[%clk
00:07:20]} {[%emt 00:01:45]} 14. Bxh6 {[%clk 00:09:35]} {[%emt 00:03:08]} gxh6
{[%clk 00:06:08]} {[%emt 00:01:21]} 15. Qg6+ {[%clk 00:09:40]} {[%emt
00:00:06]} Kh8 {[%clk 00:06:14]} {[%emt 00:00:02]} 16. Qxh6+ {[%clk 00:09:40]}
{[%emt 00:00:10]} Kg8 {[%clk 00:06:21]} {[%emt 00:00:03]} 17. Qg6+ {[%clk
00:08:43]} {[%emt 00:01:08]} Kh8 {[%clk 00:06:24]} {[%emt 00:00:07]} 18. Nh5
{[%clk 00:08:24]} {[%emt 00:00:30]} Rf7 {[%clk 00:03:36]} {[%emt 00:02:58]} 19.
Ng5 {[%clk 00:07:31]} {[%emt 00:01:02]} Qf8 {[%clk 00:01:09]} {[%emt 00:02:37]}
20. Nxf7+ {[%clk 00:07:34]} {[%emt 00:00:07]} Qxf7 {[%clk 00:00:58]} {[%emt
00:00:21]} 21. Qxf7 {[%clk 00:07:40]} {[%emt 00:00:04]} Bf8 {[%clk 00:00:35]}
{[%emt 00:00:33]} 22. Qxf8+ {[%clk 00:07:46]} {[%emt 00:00:04]} Ng8 {[%clk
00:00:44]} {[%emt 00:00:02]} 23. Qg7# {[%clk 00:07:52]} {[%emt 00:00:04]} 1-0